00939nam a2200205 a 450000100100000000500170001000800410002702000180006804000250008610000270011124501000013826000400023830000270027850000460030570000290035195201200038095201050050095201110060599900170071600004557920201002052327.0150415s2011 dr a 000 p spa d a9789945473810 aDO-SdBNPbspacBNPHU1 aAlonso, Mercedes9590013aEl día que todas las aves volaron al sol /cMercedes Alonso ; ilustraciones Hortensia Dejú. aSanto Domingo, :bSantuario,c2011. a81 p. :bil. ;c24 cm. aIncluye datos biografícos de la autora.12aDejú, Hortensia973645 001054708DSaGRbGRcHDd2015-05-14iLF1l0o p45579-30r2020-06-25te. 3w2020-06-25yLFDSZPréstamo en sala 0010718PDaPDbPDcHDd2015-04-15iLF1l0o p45579-10r2020-06-25w2020-06-25yLFPDZNo se presta 0010718PDaPDbPDcHDd2015-05-14iLF1l0o p45579-20r2020-06-25te. 2w2020-06-25yLFPDZNo se presta c45068d45068